000 00608nam a2200181Ia 4500
003 GCL
008 140319s9999 xx 000 0 ara d
040 _aGCL /
_cGCL
082 0 4 _a813.03
_bم م
100 1 _aمحمد مستجاب
245 1 0 _aمن التاريخ السرى ل: نعمان عبدالحافظ (هدية من الاديب عبدالفتاح الجمل) /
_cمحمد مستجاب
300 _a92 ص
490 _aكتاب
_v0
650 0 4 _aالادب العربى
650 0 4 _aالقصص العربية
650 0 4 _aالادب العربى - العصر الحديث
942 _2ddc
_cBK
999 _c41172
_d41172